000 02613cam a2200361 i 4500
001 991107479052106196
005 20250408093824.0
008 240731s2025 maua b 001 0 eng
010 _a 2024027742
020 _a9798892790475
035 _a(OCoLC)1446794188
_z(OCoLC)1474543592
_z(OCoLC)1490018412
035 _a(OCoLC)on1446794188
040 _aDLC
_beng
_erda
_cDLC
_dYDX
_dBDX
_dOCLCO
_dIG#
_dNLMVD
_dJAS
_dYDX
041 _aeng
042 _apcc
050 0 0 _aHD30.2
_b.F377 2025
100 _aFarri, Elisa
_eauthor
_925149
245 1 0 _aHBR guide to generative AI for managers
_c/ Elisa Farri and Gabriele Rosani, Capgemini.
246 3 _aHarvard business review guide to generative AI for managers
246 3 0 _aGenerative AI for managers
246 3 _aArtificial intelligence for managers
260 _aBoston, MA :
_bHarvard Business Review Press,
_c2025.
300 _axiv, 262 pages :
_billustrations ;
_c23 cm.
490 _aHarvard business review guides
504 _aIncludes bibliographical references and index.
520 _aYou're probably aware that generative AI can output quality text in any style and create stunning images in seconds. But smart managers are using gen AI for much more-business case development, data analysis, strategic exploration, and dozens of other applications. Soon, managers who develop their generative AI capabilities will be leaping ahead of managers who don't. Fortunately, you can start now and see results fast. The HBR Guide to Generative AI for Managers is packed with practical tips, prompts, case studies, and ideas to apply gen AI to dozens of managerial tasks right away and achieve incredible results. It's time for you to develop your gen AI-enabled mindset. This book will show you how. You'll learn how to: Understand key terms and concepts; identify the risks and rewards of generative AI; enhance your productivity; employ gen AI as both a copilot and a co-thinker; use the generative AI platform that best suits your needs; and leverage gen AI for business decisions and leading change. Arm yourself with the advice you need to succeed on the job with the most trusted brand in business. Packed with how-to essentials from leading experts, the HBR Guides provide smart answers to your most pressing work challenges.
650 0 _aManagement
_xTechnological innovations
_923578
650 0 _aBusiness enterprises
_xInformation technology
_xManagement
_925150
650 0 _aIndustrial management
_920469
700 _aRosani, Gabriele
_eauthor
_925151
710 _aCap Gemini Sogeti (Firm)
_esponsoring body
_925152
942 _2lcc
999 _c4639
_d4639